00777nam a2200217Ia 4500003000900000008004100009020001800050040001600068080001800084100002600102245012700128260004800255300001500303650001000318650002700328650002700355650001800382942000700400999001700407952013500424IN-BaIIA211028s9999 xx 000 0 eng d a0-521-65937-X cIIA Library a524.3-54bPRI aPrialnik, Dina929102 0aIntroduction to the theory of stellar structure and evolutioncDina Prialnik  aCambridgebCambridge University Pressc2000 axiii, 261p astars astars-evolution910853 astars-structure924278 astellar95655 cBK c15788d15788 00104070aBANbHOScGENd2004-12-18eEDS g2018.24l0o524.3-54/PRIp16710r2021-11-05v2018.24w2004-12-18yBKGRs. 2018.24